Normal view
MARC view
Entry Personal Name
001 - CONTROL NUMBER
- control field: 234749
003 - CONTROL NUMBER IDENTIFIER
- control field: OSt
005 - DATE AND TIME OF LATEST TRANSACTION
- control field: 20250808163204.0
008 - FIXED-LENGTH DATA ELEMENTS
- fixed length control field: 250808|| aca||aabn | a|a d
040 ## - CATALOGING SOURCE
- Original cataloging agency: OSt
- Transcribing agency: OSt
100 ## - HEADING--PERSONAL NAME
- Personal name: S P Jain and others
670 ## - SOURCE DATA FOUND
- Source citation: Work cat.: (OSt)226940: S P Jain and others, Costing Methods and Techniques, 2023